000 00328nam a2200133Ia 4500
008 191201s2011 xx 000 0 und d
082 _a658.0954
_bGOB
100 _aGOYAL,Alok
245 0 _aBusiness Environment M.com 1st sem
260 _aN.Delhi
_bV K Enterprises
_c2011
300 _a284
650 _aBBA
942 _2ddc
_cBK
_01
999 _c4845
_d4845